Nikola Tesla quiz in 20 seconds! - Statistics

General Stats
  • This quiz has been taken 108 times
  • The average score is 4 of 6
Answer Stats
Question Answer % Correct
Did Nikola marry? No
89%
How did Nikola die? Heart Attack
67%
When Nikola was a kid what did he have a lack of ? Sleep
67%
What was the title of Nikola's autobiography called? My Inventions
56%
Which was Nikola against? AC
44%
In 1875, what school did Nikola go to? Polytechnic Institute or now known as Graz University of Technology
33%
No matching quizzes found
Score Distribution
Percent of People with Each Score
Percentile by Number Answered
Your Score History
You have not taken this quiz